|
|
|
|
| LEADER |
01030nam a2200241 a 4500 |
| 001 |
1462930 |
| 008 |
100330s1987 ctua b 000 0 eng d |
| 010 |
|
|
|a 86033794
|
| 020 |
|
|
|a 0931816238 (pbk.)
|
| 040 |
|
|
|a DLC
|c DLC
|d DLC
|
| 082 |
0 |
0 |
|a 307.1/4/098
|2 19
|
| 100 |
1 |
|
|a Yudelman, Sally W.,
|d 1931-
|
| 245 |
1 |
0 |
|a Hopeful openings :
|b a study of five women's development organizations in Latin America and the Caribbean /
|c Sally W. Yudelman.
|
| 260 |
|
|
|a West Hartford, Conn. :
|b Kumarian Press,
|c c1987.
|
| 300 |
|
|
|a x, 127 p. :
|b ill. ;
|c 23 cm.
|
| 440 |
|
0 |
|a Kumarian Press case studies series
|
| 504 |
|
|
|a Includes Bibliography (p. [121]-127.)
|
| 541 |
1 |
|
|e 00004589
|
| 650 |
|
0 |
|a Women in development
|z Latin America
|x Case studies.
|
| 650 |
|
0 |
|a Women in development
|z Caribbean Area
|x Case studies.
|
| 852 |
4 |
|
|a Ayesha Abed Library
|j General shelf
|
| 999 |
|
|
|c 7951
|d 7951
|
| 952 |
|
|
|0 0
|1 0
|2 ddc
|4 0
|6 307_140980000000000_YUD_1987
|7 0
|9 8955
|a BRACUL
|b BRACUL
|c GEN
|d 2010-04-04
|g 0.00
|l 0
|o 307.14098 YUD
|p 3010004589
|r 2010-04-04
|t 1
|w 2010-04-04
|y BK
|